01120nas a2200241 4545000010006000000050017000060080037000230030015000600400040000750800104001152450062002190220014002812640041002953100193003360410008005299420008005375900036005451000023005816500021006048560096006259990015007219520142007365722920260407193512.0260407s2005####ag###########|||spa#dAR-UNSa-BCEJYS aAR-UNSa-BCEJYSbspacAR-UNSa-BCEJYS a330.1xCiencia económica. Conceptos fundamentales de teoría económica. Valor. Capital. Fondos10aTheoretical economicspJournal of the econometric society a1933-6837 1aNew Haven :bCowles Foundationc2005 aFrecuencia: Trimestral Cambia de director a partir del 2013 por George J. Mailath Cambia de director a partir del 2017 por Ran Spiegler Cambia de director a partir del 2022 por Simon Board aspa cSER aniveau_biblio:s niveau_hierar:11 aOsborne, Martin J. aTEORIA ECONOMICA41uhttps://biblioeco.unsa.edu.ar/pmb/images/revistas/R20804.jpgyImagen de portadaqimage/jpeg c8981d8981 00104070aBCEJYSbBCEJYSc17d2022-07-01hVol. 17, Nº 3 - jul. 2022l0oH330.1 THE v17.n3pR20804r2026-04-10 16:10:21w2026-04-10yRN